Red-Colored Marvel Heroes by Picture - Statistics

General Stats
  • This quiz has been taken 30 times
  • The average score is 22 of 39
Answer Stats
Picture Answer % Correct
Deadpool
100%
Iron Man
100%
Spider-Man
100%
Daredevil
96%
Red Hulk
96%
Ant-Man
93%
Ant-Man (Scott Lang)
93%
Elektra
93%
Falcon
93%
Human Torch
89%
Spider-Woman
85%
Angel
81%
Captain Britain
81%
Baymax
70%
Red She-Hulk
70%
Shang-Chi
70%
Misty Knight
52%
Lady Sif
48%
Scarlet Spider
48%
Starfox
48%
Armor
41%
Doc Samson
41%
Guardian
41%
Madame Web
41%
Nakia
41%
Devil DInosaur
37%
Miss America
37%
Stature
37%
Stingray
37%
Makkari
33%
Sunfire
33%
Jackpot
30%
Omega
30%
Quasar
26%
Rachel Summers
22%
Lightspeed
19%
Patriot
19%
Red Wolf
19%
Miss Patriot
15%
No matching quizzes found
Score Distribution
Percent of People with Each Score
Percentile by Number Answered
Your Score History
You have not taken this quiz